Eco-development in China Cities, Communities and Buildings /

This book explores China's eco-development strategies and practices from a multi-scalar perspective, discussing the importance of interplay between multi spatial levels of the built environment, as well as the stakeholders who are key players for China's eco-development. Based on a selecti...

Πλήρης περιγραφή

Λεπτομέρειες βιβλιογραφικής εγγραφής
Κύριοι συγγραφείς: Deng, Wu (Συγγραφέας, http://id.loc.gov/vocabulary/relators/aut), Cheshmehzangi, Ali (http://id.loc.gov/vocabulary/relators/aut)
Συγγραφή απο Οργανισμό/Αρχή: SpringerLink (Online service)
Μορφή: Ηλεκτρονική πηγή Ηλ. βιβλίο
Γλώσσα:English
Έκδοση: Singapore : Springer Singapore : Imprint: Palgrave Macmillan, 2018.
Έκδοση:1st ed. 2018.
Σειρά:Palgrave Series in Asia and Pacific Studies
Θέματα:
Διαθέσιμο Online:Full Text via HEAL-Link
LEADER 03546nam a2200553 4500
001 978-981-10-8345-7
003 DE-He213
005 20191022022724.0
007 cr nn 008mamaa
008 180508s2018 si | s |||| 0|eng d
020 |a 9789811083457  |9 978-981-10-8345-7 
024 7 |a 10.1007/978-981-10-8345-7  |2 doi 
040 |d GrThAP 
050 4 |a HT101-395 
072 7 |a JHB  |2 bicssc 
072 7 |a SOC026030  |2 bisacsh 
072 7 |a JHB  |2 thema 
072 7 |a JBSD  |2 thema 
082 0 4 |a 307.76  |2 23 
100 1 |a Deng, Wu.  |e author.  |4 aut  |4 http://id.loc.gov/vocabulary/relators/aut 
245 1 0 |a Eco-development in China  |h [electronic resource] :  |b Cities, Communities and Buildings /  |c by Wu Deng, Ali Cheshmehzangi. 
250 |a 1st ed. 2018. 
264 1 |a Singapore :  |b Springer Singapore :  |b Imprint: Palgrave Macmillan,  |c 2018. 
300 |a XVII, 273 p. 21 illus.  |b online resource. 
336 |a text  |b txt  |2 rdacontent 
337 |a computer  |b c  |2 rdamedia 
338 |a online resource  |b cr  |2 rdacarrier 
347 |a text file  |b PDF  |2 rda 
490 1 |a Palgrave Series in Asia and Pacific Studies 
505 0 |a Introduction -- Sustainability and Development - Challenges, Implications and Actor Constellations -- Eco-Development in the Global Context -- Eco-development in the Chinese Context -- Macro Level - Eco-City Cases in China -- Meso Level - Eco-Neighbourhood/Community Cases in China -- Micro Level - Green Building Cases in China -- Future Eco-Development in China and Beyond -- Concluding Remarks. 
520 |a This book explores China's eco-development strategies and practices from a multi-scalar perspective, discussing the importance of interplay between multi spatial levels of the built environment, as well as the stakeholders who are key players for China's eco-development. Based on a selection of eco-development Chinese case studies - eco-city, eco-community and eco-building - it highlights how specific eco initiatives and green features are applied and practiced, offering a guide to China's strategy directions and design and planning trends. The book identifies gaps and strategies and solutions for future eco-development expected to take place in China in the coming decades, as well as useful references for eco-development in other countries, and provides a useful resource for studies in the fields of urbanism, sustainable development and eco-design. 
650 0 |a Sociology, Urban. 
650 0 |a Urban geography. 
650 0 |a Sustainable development. 
650 0 |a Environmental geography. 
650 1 4 |a Urban Studies/Sociology.  |0 http://scigraph.springernature.com/things/product-market-codes/X22250 
650 2 4 |a Urban Geography / Urbanism (inc. megacities, cities, towns).  |0 http://scigraph.springernature.com/things/product-market-codes/J15010 
650 2 4 |a Sustainable Development.  |0 http://scigraph.springernature.com/things/product-market-codes/U34000 
650 2 4 |a Environmental Geography.  |0 http://scigraph.springernature.com/things/product-market-codes/J19010 
700 1 |a Cheshmehzangi, Ali.  |e author.  |4 aut  |4 http://id.loc.gov/vocabulary/relators/aut 
710 2 |a SpringerLink (Online service) 
773 0 |t Springer eBooks 
776 0 8 |i Printed edition:  |z 9789811083440 
776 0 8 |i Printed edition:  |z 9789811083464 
776 0 8 |i Printed edition:  |z 9789811341281 
830 0 |a Palgrave Series in Asia and Pacific Studies 
856 4 0 |u https://doi.org/10.1007/978-981-10-8345-7  |z Full Text via HEAL-Link 
912 |a ZDB-2-SLS 
950 |a Social Sciences (Springer-41176)